| 000 | 01143nam a22003617a 4500 | ||
|---|---|---|---|
| 003 | CHAP | ||
| 005 | 20220817043029.0 | ||
| 008 | 971010c19741966 r 00010 d | ||
| 010 | _a63344 | ||
| 011 | _a64316 | ||
| 035 | _a69614 | ||
| 040 | _cCHAP | ||
| 082 | 0 | 4 |
_a330.1 _bL35 |
| 100 | 0 | 0 |
_aLange, Oskar. _964739 |
| 245 | 1 | _aEconomía política | |
| 260 |
_aMéxico : _bFondo de Cultura Ecoómica, _c1974 [c 1966] |
||
| 300 | _av. | ||
| 490 | _aSección de obras de economía | ||
| 500 | _ac.2-5 reimp. de 1973 | ||
| 500 | _aLa biblioteca tiene: v.1 | ||
| 504 | _aBibliografía: p. 301-326 | ||
| 505 | 0 | _aContenido: v.1 Parte general | |
| 590 |
_aBATCH-UPD _b10 _c20130110 _lUCH01 _h1532 |
||
| 590 |
_aBATCH-UPD _b10 _c20130410 _lUCH01 _h0938 |
||
| 590 |
_aBATCH-UPD _b10 _c20130914 _lUCH01 _h1232 |
||
| 590 |
_aCONVERSION _b10 _c20130109 _lUCH01 _h1334 |
||
| 650 | 1 | 4 |
_aEconomía. _935226 |
| 830 | 0 | _aSección de obras de economía | |
| 901 | _aBK | ||
| 942 | _cLIBRO | ||
| 949 |
_a330.1 L35 _bBC _cLIBRO _d-80960 _eLIBRO _fv.1 _h13246 _i69614 _si _t40.00 |
||
| 949 |
_a330.1 L35 _bBC _cLIBRO _d-80964 _eLIBRO _fv.1 c.5 _h28967 _i69614 _si _t40.00 |
||
| 999 |
_c63344 _d63344 |
||